Statystyki dla Miejscowości w powiecie słupskim

Kliknij tutaj aby rozwiązać quiz!

Ogólne statystyki

  • Ten quiz został rozwiązany 74 razy
  • Średni wynik to 21 z 66

Statystyki odpowiedzi

HintOdpowiedź% Poprawnych
89 190Słupsk
98%
15 047Ustka
95%
2883Kobylnica
89%
3644Dębnica Kaszubska
74%
3170Siemianice
72%
1155Damnica
67%
3646Kępice
67%
947Smołdzino
67%
1837Główczyce
66%
590Bolesławice
64%
1426Potęgowo
64%
1399Jezierzyce
62%
1477Redzikowo
61%
412Rowy
61%
887Głobino
56%
820Krępa Słupska
54%
535Widzino
54%
1093Bierkowo
51%
737Damno
51%
803Włynkówko
51%
323Włynkowo
49%
584Kwakowo
48%
510Łosino
48%
979Korzybie
46%
602Kusowo
44%
626Strzelino
44%
1434Sycewice
43%
467Lubuczewo
30%
346Grapice
28%
680Warcino
28%
492Bydlino
25%
321Charnowo
25%
356Grabno
23%
502Duninowo
21%
324Reblino
20%
310Mianowice
18%
858Przewłoka
18%
311Bruskowo Wielkie
16%
313Gałęzinowo
16%
604Machowino
16%
346Wodnica
16%
610Gardna Wielka
11%
649Kończewo
11%
694Łupawa
11%
773Objazda
11%
745Pobłocie
11%
498Wrząca
11%
483Wrzeście
11%
444Zaleskie
11%
700Motarzyno
10%
371Pęplino
10%
767Budowo
8%
341Gąbino
7%
380Wielka wieś
7%
421Grąsino
5%
347Niepoględzie
5%
507Zajączkowo
5%
444Gogolewo
3%
504Malczkowo
3%
368Cecenowo
2%
325Dobieszewo
2%
457Szczypkowice
2%
341Wytowno
2%
356Borzęcino
0%
380Rzechcino
0%
522Stowięcino
0%

Rozkład punktacji

Percentyl według liczby udzielonych odpowiedzi

Procent ludzi z każdym wynikiem

Twoja historia wyników

Nie rozwiązałeś tego quizu